Loading...
| Current Events | 2 | 15.00 | 100% | 0% | 50% |
| Fine Arts - Auditory Fine Arts | 6 | 21.67 | 100% | 83% | 33% |
| Fine Arts - Visual Fine Arts | 12 | 15.00 | 92% | 58% | 0% |
| Geography | 4 | 10.00 | 100% | 0% | 0% |
| History - American History | 1 | 10.00 | 100% | 0% | 0% |
| History - Ancient History | 8 | 11.25 | 88% | 25% | 0% |
| History - European History | 1 | 0.00 | 0% | 0% | 0% |
| History - World History | 6 | 13.33 | 83% | 33% | 17% |
| Literature - American Literature | 2 | 15.00 | 100% | 50% | 0% |
| Literature - British Literature | 2 | 10.00 | 100% | 0% | 0% |
| Literature - European Literature | 4 | 12.50 | 100% | 25% | 0% |
| Literature - World Literature | 6 | 13.33 | 100% | 33% | 0% |
| Mythology | 1 | 10.00 | 100% | 0% | 0% |
| Other Academic | 1 | 20.00 | 100% | 100% | 0% |
| Philosophy | 6 | 23.33 | 83% | 100% | 50% |
| Religion | 3 | 13.33 | 67% | 67% | 0% |
| Science - Biology | 6 | 8.33 | 83% | 0% | 0% |
| Science - Chemistry | 3 | 20.00 | 67% | 100% | 33% |
| Science - Other Science | 6 | 20.00 | 100% | 83% | 17% |
| Science - Physics | 3 | 20.00 | 100% | 100% | 0% |
| Social Science | 6 | 18.33 | 83% | 100% | 0% |